Logo BPK

Biblioteka

Politechniki Koszalińskiej

Budownictwo : (Rekord nr 24208)

Szczegóły MARC
000 -ETYKIETA REKORDU
podpole kontrolne o stałej długości 00584nam a2200193 i 4500
001 - NUMER KONTROLNY REKORDU
pole kontrolne bg
020 ## - MIĘDZYNARODOWY ZNORMALIZOWANY NUMER KSIĄŻKI - ISBN
ISBN 8370018300
040 ## - ŹRÓDŁO KATALOGOWANIA
Instytucja, która utworzyła rekord BPK
041 ## - KOD JĘZYKA
Kod języka tekstu pol
080 ## - UNIWERSALNA KLASYFIKACJA DZIESIĘTNA - UKD
UKD 692
920 ## - Międzynarodowy znormalizowany numer książki – ISBN
ISBN 83-7001-830-0
008 - POLE O STAŁEJ DŁUGOŚCI - DANE KONTROLNE
podpole kontrolne o stałej długości s pl f |000 0 pol
245 #0 - TYTUŁ/ODPOWIEDZIALNOŚĆ
Tytuł Budownictwo :
Ciąg dalszy tytułu elementy budynków, dachy, stropy, sufity,schody : zestaw norm /
Pozostałe elementy strefy tytułu i oznaczenia odpowiedzialności Wydawnictwo Normalizacyjne Alfa-Wero.
260 ## - STREFA ADRESU WYDAWNICZEGO
Miejsce wydania Warszawa :
Nazwa wydawcy/dystrybutora Alfa-Wero,
Data publikacji, dystrybucji/powstania dokumentu [1999].
300 ## - STREFA OPISU FIZYCZNEGO
Objętość 122 s. :
Inne cechy fizyczne rys.,wykr. ;
Rozmiary 30 cm.
650 #9 - HASŁO PRZEDMIOTOWE W FORMIE NAZWY OGÓLNEJ LUB JEDNOSTKOWEJ
Nazwa ogólna lub geograficzna budownictwo
Określnik ogólny normalizacja
710 ## - HASŁO DODATKOWE - NAZWA CIAŁA ZBIOROWEGO
Nazwa ciała zbiorowego lub jednostki geograficznej Wydawnictwo Normalizacyjne Alfa-Wero
856 ## - LOKALIZACJA I DOSTĘP DO ELEKTRONICZNYCH DOKUMENTÓW ZDALNYCH
Link (URL) http://koha.tu.koszalin.pl/cgi-bin/koha/opac-detail.pl?biblionumber=24208
Tekst linku Katalog online BPK
942 ## - DODATKOWE ELEMENTY (KOHA)
Typ dokumentu Katalog
Egzemplarze
Wycofany Status egzemplarza Uszkodzony Dostępność Lokalizacja stała Lokalizacja bieżąca Miejsce przechowywania Sygnatura Kod kreskowy Dział Typ dokumentu
      Tylko na miejscu Biblioteka Politechniki Koszalińskiej Biblioteka Politechniki Koszalińskiej Czytelnia BG KC 2864 01451382 692/694 Części budynku Katalog
© 2023 Biblioteka Politechniki Koszalińskiej :: KOHA